| 000 | 00542nam a2200181Ia 4500 | ||
|---|---|---|---|
| 003 | GCL | ||
| 005 | 20240530104105.0 | ||
| 008 | 140319s9999 xx 000 0 ara d | ||
| 040 |
_aGCL / _cGCL |
||
| 082 | 0 | 4 |
_a152.454 _bش ا |
| 100 | _aالشركة الشرقية للمطبوعات | ||
| 245 | 1 | 0 |
_aالاسترخاء سبيل الراحة / _cالشركة الشرقية للمطبوعات |
| 300 | _a96 ص | ||
| 650 | 0 | 4 | _aالصحة العقلية |
| 650 | 0 | 4 | _aالاستجمام |
| 650 | 0 | 4 | _aالاسترخاء |
| 942 |
_2ddc _cBK |
||
| 999 |
_c44550 _d44550 |
||